| 000 | 00348nam a2200145Ia 4500 | ||
|---|---|---|---|
| 008 | 230312s9999||||xx |||||||||||||| ||und|| | ||
| 020 | _a0-8442-2658-0 | ||
| 082 |
_a720.19 _bSER-F |
||
| 100 | _aServerson; Judy | ||
| 245 | 0 | _aFlowers in Applique | |
| 260 |
_bLibrary of Congress _aLondon |
||
| 300 | _a151 | ||
| 650 | _aArchitecture | ||
| 942 | _cBK | ||
| 999 |
_c11627 _d11627 |
||